000 00277nam a2200109Ia 4500
001 587534
005 20250717113817.0
008 250717s9999 xx 000 0 und d
245 0 _aX-12 HAYVANLAR ANSİKLOPEDİSİ
_cLUCY SPELMAN
260 _bBETA YAYINLARI
_c2020
300 _b267
999 _c587534
_d587534